000 01429pam a2200421 i 4500
001 1417757796
003 DLC
005 20250416161336.0
007 t|
008 241106s2025 nyu c 000 1 eng
010 _a 2023058270
020 _a9780593700310
_qhardback
020 _a0593700317
_qhardback
035 _a(OCoLC)1417757796
040 _aDLC
_beng
_erda
_cDLC
_dTnLvILS
042 _apcc
_acyac
092 _ajunior fiction
_bShepard
100 1 _aShepard, Sara,
_d1977-
_eauthor.
_4aut.
245 1 0 _aPenny draws a team sport /
_cSara Shepard.
246 3 _aPenny draws.
_pA team sport.
246 3 _aA team sport.
264 1 _aNew York :
_bG.P. Putnam's Sons,
_c2025.
300 _a224 pages ;
_c21 cm.
336 _atext
337 _aunmediated
338 _avolume
490 _aPenny draws ;
_vbook 5.
520 _a"Penny joins a pickleball league at school"--
521 _aAges 8-12 years.
_bG.P. Putnam's Sons.
650 1 _aSchools
_vFiction.
_95673727
650 1 _aPickleball (Game)
_vFiction.
_96543369
650 1 _aRacket games
_vFiction.
_96543370
650 1 _aDiaries
_vFiction.
_95674805
655 7 _aDiary fiction.
_2lcgft.
655 7 _aNovels.
_2lcgft.
776 0 8 _iOnline version:
_aShepard, Sara, 1977-
_tPenny draws a team sport
_dNew York : G.P. Putnam's Sons, 2025
_z9780593700327
_w(DLC) 2023058271.
942 _2ddc
_cBOOK
999 _c407092
_d407092